| 000 | 01475nam a2200361Ia 4500 | ||
|---|---|---|---|
| 001 | ebr10448567 | ||
| 003 | CaPaEBR | ||
| 006 | m u | ||
| 007 | cr cn||||||||| | ||
| 008 | 100827s2011 caua sb s001 0 eng d | ||
| 010 | _z 2010035056 | ||
| 020 | _z9780520255098 (pbk. : alk. paper) | ||
| 040 |
_aCaPaEBR _cCaPaEBR |
||
| 035 | _a(OCoLC)707083190 | ||
| 050 | 1 | 4 |
_aF866.2 _b.F725 2011eb |
| 082 | 0 | 4 |
_a979.4 _222 |
| 100 | 1 | _aFradkin, Philip L. | |
| 245 | 1 | 4 |
_aThe left coast _h[electronic resource] : _bCalifornia on the edge / _ctext by Philip L. Fradkin ; photos by Alex Fradkin. |
| 260 |
_aBerkeley : _bUniversity of California Press, _c2011. |
||
| 300 |
_ax, 115 p. : _bill. |
||
| 504 | _aIncludes bibliographical references and index. | ||
| 533 |
_aElectronic reproduction. _bPalo Alto, Calif. : _cebrary, _d2011. _nAvailable via World Wide Web. _nAccess may be limited to ebrary affiliated libraries. |
||
| 600 | 1 | 0 |
_aFradkin, Philip L. _xTravel _zCalifornia. |
| 600 | 1 | 0 |
_aFradkin, Alex _q(Alex Leon), _d1966- _xTravel _zCalifornia. |
| 650 | 0 |
_aCoasts _zCalifornia. |
|
| 650 | 0 |
_aNatural history _zCalifornia. |
|
| 651 | 0 |
_aCalifornia _xDescription and travel. |
|
| 651 | 0 |
_aCalifornia _xHistory. |
|
| 655 | 7 |
_aElectronic books. _2local |
|
| 700 | 1 |
_aFradkin, Alex _q(Alex Leon), _d1966- |
|
| 710 | 2 | _aebrary, Inc. | |
| 856 | 4 | 0 |
_uhttp://site.ebrary.com/lib/rucke/Doc?id=10448567 _zAn electronic book accessible through the World Wide Web; click to view |
| 999 |
_c137767 _d137767 |
||